000 00476 a2200145 4500
999 _c7505
_d7505
020 _a9977925291
050 _aDT 450.435 UNI 2005
110 _aUniversity For Peace
245 _aThe role of the media in the Rwandan genocide:
_bshort readings 3/
_cUniversity for peace
264 _aSan Jose:
_bUniversity for peace,
_c2005
300 _a242p.:
500 _aIncludes bibliographic references
650 _aMass media
_xMass media and peace
942 _2lcc
_cBK
_h450.435
_iUNI
_kDT